Final report of the lagos conference (Record no. 1355485)

MARC details
000 -LEADER
fixed length control field 00547nam a2200193Ia 4500
005 - DATE AND TIME OF LATEST TRANSACTION
control field 20250508155238.0
008 - FIXED-LENGTH DATA ELEMENTS--GENERAL INFORMATION
fixed length control field 008 250505s9999 xx 000 0 eng d
037 ## - SOURCE OF ACQUISITION
Stock number Textual
040 ## - CATALOGING SOURCE
Original cataloging agency FEDL
Language of cataloging eng
Transcribing agency FEDL
041 ## - LANGUAGE CODE
Language code of text/sound track or separate title eng
Source of code eng
084 ## - COLON CLASSIFICATION NUMBER
Classification number 333.9669, UNI
Assigning agency FEDL
245 #0 - TITLE STATEMENT
Title Final report of the lagos conference
245 #0 - TITLE STATEMENT
Statement of responsibility, etc. United Nations Educational, Scientific and Cultural Organization
260 ## - PUBLICATION, DISTRIBUTION, ETC.
Date of publication, distribution, etc. 1964
300 ## - PHYSICAL DESCRIPTION
Extent 102p.
650 ## - SUBJECT ADDED ENTRY--TOPICAL TERM
Topical term or geographic name entry element Economics
942 ## - ADDED ENTRY ELEMENTS (KOHA)
Koha item type Textual
Classification part 333.9669, UNI
Holdings
Withdrawn status Lost status Damaged status Not for loan Home library Current library Date acquired Total Checkouts Full call number Barcode Date last seen Price effective from Koha item type
        Department of Education Library Department of Education Library 2025-05-08   333.9669, UNI EL0040412 2025-05-08 2025-05-08 Textual
Copyright @ Delhi University Library System